[Event "Torneo de Benidorm sub 2000 2019"]
[Site "Benidorm ESP"]
[Date "2019.12.04"]
[Round "7.6"]
[White "Nazarov, Alexander"]
[Black "Gochev, Plamen"]
[Result "1/2-1/2"]
[WhiteElo "1943"]
[BlackElo "1887"]
[PlyCount "129"]
[EventDate "2019.11.29"]
[EventType "swiss"]
[EventRounds "10"]
[EventCountry "ESP"]
[SourceTitle "Ajedrez en Madrid"]
[Source "lmi"]
[SourceDate "2019.11.30"]
[SourceVersion "1"]
[SourceVersionDate "2019.12.08"]
[SourceQuality "1"]

1. d4 Nf6 2. c4 e6 3. Nc3 d5 4. Nf3 c6 5. cxd5 cxd5 6. Bg5 Qa5 7. Bd2 Qb6 8.
Qc2 Nc6 9. e3 Be7 10. Be2 O-O 11. O-O Bd6 12. Rac1 g6 13. a3 Qd8 14. b4 Bb8 15.
Bd3 Qd6 16. g3 Ng4 17. Ne2 f5 18. b5 Ne7 19. Bb4 Qd8 20. Qc5 Re8 21. h3 Nf6 22.
a4 Nd7 23. Qc3 b6 24. Rc2 Bb7 25. Rfc1 Nf6 26. Qa3 Ne4 27. Kg2 Nd6 28. Nf4 Nc4
29. Qb3 Qd7 30. Kg1 a5 31. Bxe7 Rxe7 32. Nd2 Nxd2 33. Rxd2 Bd6 34. Rdc2 Rc8 35.
Rxc8+ Bxc8 36. Rc6 Bc7 37. Bf1 Bb7 38. Rc1 Bd6 39. Bg2 Kg7 40. Nd3 Re8 41. Rc3
Rc8 42. Qc2 Kf6 43. h4 g5 44. hxg5+ Kxg5 45. Qc1 Rxc3 46. Qxc3 Qc7 47. Qd2 Kg6
48. Bf3 Qc4 49. Bd1 Qc7 50. Qe2 Qe7 51. Qh5+ Kg7 52. f4 Bc8 53. g4 Bd7 54. g5
Kg8 55. Kf1 Be8 56. Qh6 Bg6 57. Qh3 Qc7 58. Qg2 Qc4 59. Qc2 Qxc2 60. Bxc2 h6
61. gxh6 Kh7 62. Kf2 Kxh6 63. Ne5 Bxe5 64. dxe5 Bh5 65. Bb3 1/2-1/2

[Event "Torneo de Benidorm sub 2000 2019"]
[Site "Benidorm ESP"]
[Date "2019.12.04"]
[Round "7.7"]
[White "Malek, Yuriy"]
[Black "Iglesias Ferreira, Andres"]
[Result "1-0"]
[WhiteElo "1930"]
[BlackElo "1850"]
[PlyCount "77"]
[EventDate "2019.11.29"]
[EventType "swiss"]
[EventRounds "10"]
[EventCountry "ESP"]
[SourceTitle "Ajedrez en Madrid"]
[Source "lmi"]
[SourceDate "2019.11.30"]
[SourceVersion "1"]
[SourceVersionDate "2019.12.08"]
[SourceQuality "1"]

1. e4 c5 2. Nf3 e6 3. d4 cxd4 4. Nxd4 a6 5. c4 Qc7 6. Nc3 Nf6 7. Qd3 Be7 8. Be2
b6 9. a3 Bb7 10. O-O O-O 11. Kh1 d6 12. f4 Nbd7 13. b4 Rac8 14. Bb2 Rfd8 15.
Rac1 Qb8 16. Bf3 Ne5 17. fxe5 dxe5 18. Nce2 exd4 19. Ng3 Bd6 20. Nh5 Be5 21.
Rc2 Qc7 22. Bc1 Bc6 23. Bg5 Bb5 24. Be2 Ba4 25. Rcc1 Qe7 26. Qh3 Bc6 27. Bd3
Kf8 28. Nxg7 Kxg7 29. Qh6+ Kg8 30. Rxf6 Qf8 31. Qh4 Qg7 32. Rf3 f6 33. Rxf6 Rf8
34. Rxe6 Be8 35. Bh6 Bf6 36. Bxg7 Bxh4 37. Bxf8 Kxf8 38. Rxb6 Kg7 39. Rxa6 1-0

[Event "Torneo de Benidorm sub 2000 2019"]
[Site "Benidorm ESP"]
[Date "2019.12.04"]
[Round "7.8"]
[White "Marchenko, Valentyn"]
[Black "Shreyas S, Nikam"]
[Result "0-1"]
[WhiteElo "1915"]
[BlackElo "1839"]
[PlyCount "78"]
[EventDate "2019.11.29"]
[EventType "swiss"]
[EventRounds "10"]
[EventCountry "ESP"]
[SourceTitle "Ajedrez en Madrid"]
[Source "lmi"]
[SourceDate "2019.11.30"]
[SourceVersion "1"]
[SourceVersionDate "2019.12.08"]
[SourceQuality "1"]

1. d4 d5 2. Nf3 Nf6 3. Bf4 c5 4. c3 Qb6 5. Qb3 c4 6. Qxb6 axb6 7. h3 Nc6 8.
Nbd2 Bf5 9. g4 Bg6 10. Bg2 e6 11. O-O b5 12. a3 Be7 13. Ne5 Nxe5 14. Bxe5 O-O
15. Bg3 Rfe8 16. Rfe1 h5 17. f3 Nd7 18. e4 Nb6 19. f4 hxg4 20. hxg4 Bd6 21. Kf2
dxe4 22. Bxe4 Bxe4 23. Nxe4 Bf8 24. Rh1 f6 25. Kf3 Nd5 26. Rh5 b4 27. cxb4 Bxb4
28. Be1 Bxe1 29. Rxe1 c3 30. Nxc3 Nxc3 31. bxc3 Rxa3 32. Rc5 Kf7 33. Ke4 f5+
34. Ke5 Re7 35. g5 b6 36. Rc8 Rd7 37. g6+ Ke7 38. c4 Ra5+ 39. d5 Raxd5+ 0-1

[Event "Torneo de Benidorm sub 2000 2019"]
[Site "Benidorm ESP"]
[Date "2019.12.04"]
[Round "7.9"]
[White "Yanev, Yordan"]
[Black "Van Hoecke, Luc"]
[Result "1-0"]
[WhiteElo "1878"]
[BlackElo "1968"]
[PlyCount "79"]
[EventDate "2019.11.29"]
[EventType "swiss"]
[EventRounds "10"]
[EventCountry "ESP"]
[SourceTitle "Ajedrez en Madrid"]
[Source "lmi"]
[SourceDate "2019.11.30"]
[SourceVersion "1"]
[SourceVersionDate "2019.12.08"]
[SourceQuality "1"]

1. e4 c5 2. Nf3 g6 3. d4 cxd4 4. Qxd4 Nf6 5. Bb5 Qa5+ 6. Nc3 Nc6 7. Bxc6 dxc6
8. e5 Nd5 9. Bd2 Bg7 10. O-O Bf5 11. Na4 Qc7 12. c4 Nb6 13. Ba5 Qd8 14. Qxd8+
Rxd8 15. Nxb6 axb6 16. Bxb6 Rd3 17. Rfe1 O-O 18. Nd4 Ra8 19. Nxf5 gxf5 20. b3
Rd2 21. a4 Rb2 22. Ra3 Bxe5 23. g3 Bc3 24. Re3 Bb4 25. Ra1 e6 26. Rd1 Bd2 27.
Rd3 Bg5 28. a5 Bf6 29. Rf3 Be7 30. c5 Rc2 31. b4 Rb2 32. Rf4 Bf6 33. Rc4 Rb3
34. Rd7 Bc3 35. Rxc3 Rxc3 36. Rxb7 Rc4 37. Bc7 Ra6 38. Be5 h5 39. Kg2 h4 40.
gxh4 1-0

[Event "Torneo de Benidorm sub 2000 2019"]
[Site "Benidorm ESP"]
[Date "2019.12.04"]
[Round "7.10"]
[White "Almonti, Alessandro"]
[Black "Cluyts, Marc"]
[Result "1/2-1/2"]
[WhiteElo "1989"]
[BlackElo "1915"]
[PlyCount "86"]
[EventDate "2019.11.29"]
[EventType "swiss"]
[EventRounds "10"]
[EventCountry "ESP"]
[SourceTitle "Ajedrez en Madrid"]
[Source "lmi"]
[SourceDate "2019.11.30"]
[SourceVersion "1"]
[SourceVersionDate "2019.12.08"]
[SourceQuality "1"]

1. d4 d5 2. Nc3 Nf6 3. Bf4 Bf5 4. e3 e6 5. Nb5 Na6 6. a3 c6 7. Nc3 Qb6 8. Rb1
Be7 9. Nf3 O-O 10. Bd3 Bxd3 11. cxd3 c5 12. dxc5 Nxc5 13. b4 Ncd7 14. O-O Rfc8
15. Qb3 Nh5 16. Bg5 Bxg5 17. Nxg5 d4 18. Na4 Qb5 19. Nf3 dxe3 20. fxe3 Rc7 21.
Nd4 Qe5 22. Rbe1 Rac8 23. Nf3 Qb5 24. Nd4 Qe5 25. Nf3 Qd6 26. d4 b6 27. Qb1 Qc6
28. Nb2 Qc3 29. Qa1 Nhf6 30. e4 Qb3 31. e5 Nd5 32. Ng5 Nf8 33. Rf3 Qc2 34. Ref1
Qg6 35. Nh3 Rc2 36. Nf2 R8c3 37. Rxc3 Nxc3 38. Nbd1 Ne2+ 39. Kh1 Qh5 40. Re1
Ng3+ 41. Kg1 Ne2+ 42. Kh1 Ng3+ 43. Kg1 Ne2+ 1/2-1/2

[Event "Torneo de Benidorm sub 2000 2019"]
[Site "Benidorm ESP"]
[Date "2019.12.04"]
[Round "7.11"]
[White "Segura Del Frago, Imanol"]
[Black "Dumont, Andre"]
[Result "0-1"]
[WhiteElo "1973"]
[BlackElo "1895"]
[PlyCount "94"]
[EventDate "2019.11.29"]
[EventType "swiss"]
[EventRounds "10"]
[EventCountry "ESP"]
[SourceTitle "Ajedrez en Madrid"]
[Source "lmi"]
[SourceDate "2019.11.30"]
[SourceVersion "1"]
[SourceVersionDate "2019.12.08"]
[SourceQuality "1"]

1. e4 e5 2. Nf3 Nc6 3. Bc4 Nf6 4. d3 Be7 5. O-O d6 6. a3 O-O 7. h3 Na5 8. Ba2
c5 9. b4 Nc6 10. bxc5 dxc5 11. Bb2 Qc7 12. Nbd2 Ne8 13. Nc4 Bf6 14. Ne3 Be6 15.
Bxe6 fxe6 16. a4 Rd8 17. Nc4 b6 18. Bc3 g5 19. Rb1 Nd6 20. Nxd6 Qxd6 21. Nxg5
Bxg5 22. Qg4 h6 23. f4 Rxf4 24. Rxf4 exf4 25. h4 Ne5 26. Bxe5 Qxe5 27. hxg5
hxg5 28. a5 Kg7 29. axb6 Rh8 30. c3 Kf6 31. bxa7 Qxc3 32. Qe2 Qd4+ 33. Qf2 Qxd3
34. Qb2+ e5 35. Qb6+ Kg7 36. Qc7+ Kg6 37. Rb6+ Kh5 38. Qf7+ Kh4 39. Qa2 Qd1+
40. Kf2 Qd4+ 41. Kf1 Qd1+ 42. Kf2 g4 43. Qe2 g3+ 44. Kf3 Qa1 45. Qd3 Qxa7 46.
Rd6 c4 47. Qe2 Qa3+ 0-1

[Event "Torneo de Benidorm sub 2000 2019"]
[Site "Benidorm ESP"]
[Date "2019.12.04"]
[Round "7.12"]
[White "Sabater Robles, Rafael"]
[Black "Carruana Fuentes, Rafael"]
[Result "0-1"]
[WhiteElo "1956"]
[BlackElo "1855"]
[PlyCount "58"]
[EventDate "2019.11.29"]
[EventType "swiss"]
[EventRounds "10"]
[EventCountry "ESP"]
[SourceTitle "Ajedrez en Madrid"]
[Source "lmi"]
[SourceDate "2019.11.30"]
[SourceVersion "1"]
[SourceVersionDate "2019.12.08"]
[SourceQuality "1"]

1. e4 c5 2. Nf3 e6 3. d4 cxd4 4. Nxd4 a6 5. a3 Nf6 6. Nc3 Qc7 7. Be2 Nc6 8. O-O
b5 9. Nxc6 dxc6 10. Bg5 Be7 11. f4 h6 12. Bxf6 Bxf6 13. e5 Be7 14. Ne4 O-O 15.
Rf3 Bb7 16. Nf6+ gxf6 17. Rg3+ Kh7 18. Bd3+ f5 19. Qh5 Bc5+ 20. Kh1 Rg8 21. Rg5
Be3 22. Bxf5+ exf5 23. Rxf5 Rg6 24. Rf1 c5 25. Rg5 Rag8 26. h4 Bxg2+ 27. Kxg2
Bxf4 28. Rxf4 Rxg5+ 29. hxg5 Rxg5+ 0-1

[Event "Torneo de Benidorm sub 2000 2019"]
[Site "Benidorm ESP"]
[Date "2019.12.04"]
[Round "7.13"]
[White "Scala, Lijubomir"]
[Black "Strand, Amund Pihl"]
[Result "1/2-1/2"]
[WhiteElo "1952"]
[BlackElo "1705"]
[PlyCount "80"]
[EventDate "2019.11.29"]
[EventType "swiss"]
[EventRounds "10"]
[EventCountry "ESP"]
[SourceTitle "Ajedrez en Madrid"]
[Source "lmi"]
[SourceDate "2019.11.30"]
[SourceVersion "1"]
[SourceVersionDate "2019.12.08"]
[SourceQuality "1"]

1. d4 d5 2. Nh3 Bxh3 3. gxh3 c5 4. c3 cxd4 5. cxd4 Nc6 6. e3 Nf6 7. Nd2 e6 8.
a3 Qc7 9. b4 Bd6 10. Nf3 a6 11. Bd3 e5 12. dxe5 Nxe5 13. Bb2 O-O 14. Rc1 Qe7
15. Be2 Rac8 16. Nd4 Qd7 17. Rxc8 Rxc8 18. Nf3 Qf5 19. Rg1 Nfd7 20. Nxe5 Bxe5
21. Bg4 Qc2 22. Bxd7 Bxb2 23. Qxc2 Rxc2 24. Rg5 Bxa3 25. Rxd5 Bxb4+ 26. Kf1 a5
27. Ba4 Rd2 28. Rb5 Ra2 29. Bb3 Rb2 30. Bd5 Bc3 31. Rxb7 Rxb7 32. Bxb7 a4 33.
Bd5 a3 34. Ke2 g6 35. f4 Kg7 36. e4 f6 37. h4 h6 38. Ba2 g5 39. hxg5 hxg5 40.
Kf3 gxf4 1/2-1/2

[Event "Torneo de Benidorm sub 2000 2019"]
[Site "Benidorm ESP"]
[Date "2019.12.04"]
[Round "7.14"]
[White "Hamilton, Douglas"]
[Black "Rohan, Bharat Joshi"]
[Result "0-1"]
[WhiteElo "1836"]
[BlackElo "1944"]
[PlyCount "122"]
[EventDate "2019.11.29"]
[EventType "swiss"]
[EventRounds "10"]
[EventCountry "ESP"]
[SourceTitle "Ajedrez en Madrid"]
[Source "lmi"]
[SourceDate "2019.11.30"]
[SourceVersion "1"]
[SourceVersionDate "2019.12.08"]
[SourceQuality "1"]

1. d4 Nf6 2. Nc3 d5 3. Bf4 c5 4. e3 cxd4 5. exd4 a6 6. Bd3 Nc6 7. Nge2 Bg4 8.
f3 Bh5 9. a3 e6 10. O-O Bd6 11. Qd2 Bg6 12. Rad1 O-O 13. Bxg6 hxg6 14. Bxd6
Qxd6 15. Na4 Nd7 16. Qf4 Qxf4 17. Nxf4 b6 18. h4 Rfc8 19. Rd2 Na5 20. b3 Rc7
21. Rff2 Rac8 22. Nd3 Kf8 23. Rfe2 Nb7 24. Nab2 Nd6 25. g4 Nb5 26. Ne1 Nxa3 27.
Nd1 a5 28. Ne3 Nb1 29. Rd3 Nc3 30. Rf2 b5 31. Nd1 a4 32. bxa4 bxa4 33. Nxc3
Rxc3 34. Rfd2 Nb6 35. Rd1 Ke7 36. Rb1 R3c6 37. Ra3 Kd7 38. Nd3 f6 39. Nc5+ Kd6
40. c3 Rh8 41. Kg2 Rxh4 42. Kg3 Rh8 43. Rb4 g5 44. Rb5 Ra8 45. Rb1 Rh8 46. Re1
e5 47. Rb1 Ra8 48. Rb4 Rxc5 49. Rxb6+ Rc6 50. dxe5+ fxe5 51. Rb7 Rc7 52. Rb6+
Kc5 53. Re6 Rb7 54. Rxe5 Rb3 55. Ra1 a3 56. Rd1 Rd8 57. Re7 g6 58. Rd4 Rxc3 59.
Ra4 Rf8 60. Raa7 Rfxf3+ 61. Kg2 Rfd3 0-1

[Event "Torneo de Benidorm sub 2000 2019"]
[Site "Benidorm ESP"]
[Date "2019.12.04"]
[Round "7.16"]
[White "Mircov, Nicola-Alexandar"]
[Black "Martinez De Soria Gordon, Jose M"]
[Result "0-1"]
[WhiteElo "1756"]
[BlackElo "1926"]
[PlyCount "100"]
[EventDate "2019.11.29"]
[EventType "swiss"]
[EventRounds "10"]
[EventCountry "ESP"]
[SourceTitle "Ajedrez en Madrid"]
[Source "lmi"]
[SourceDate "2019.11.30"]
[SourceVersion "1"]
[SourceVersionDate "2019.12.08"]
[SourceQuality "1"]

1. e4 c6 2. d4 d5 3. exd5 cxd5 4. c4 Nf6 5. Nc3 e6 6. Nf3 Bb4 7. cxd5 Nxd5 8.
Qc2 Nc6 9. Bd3 h6 10. O-O O-O 11. Rd1 Be7 12. a3 Bf6 13. Bc4 Nce7 14. Ba2 Re8
15. Ne5 Qc7 16. Bb1 Bxe5 17. Qh7+ Kf8 18. dxe5 Qxe5 19. Qh8+ Ng8 20. Nxd5 exd5
21. Bd2 f5 22. Bb4+ Kf7 23. Bc3 Nf6 24. Bxe5 Rxh8 25. Bxf6 Kxf6 26. Rxd5 Be6
27. Rb5 Rhd8 28. Bc2 Rd2 29. Bd1 Bd5 30. Bf3 Bxf3 31. gxf3 b6 32. a4 Rc8 33. b4
Rcc2 34. Rf1 Rd6 35. a5 Kg5 36. Kg2 Kf4 37. Ra1 Rg6+ 38. Kf1 Rcc6 39. Re1 Rc3
40. Ree5 Rf6 41. Ke2 g6 42. Re3 Rc2+ 43. Kf1 Rd6 44. Re2 Rd1+ 45. Re1 Rdd2 46.
axb6 Rxf2+ 47. Kg1 Rg2+ 48. Kh1 Rxh2+ 49. Kg1 Rcg2+ 50. Kf1 Kg3 0-1

[Event "Torneo de Benidorm sub 2000 2019"]
[Site "Benidorm ESP"]
[Date "2019.12.04"]
[Round "7.17"]
[White "Clausen, Karl Erik"]
[Black "Stanchev, Aleksandar"]
[Result "1/2-1/2"]
[WhiteElo "1914"]
[BlackElo "1925"]
[PlyCount "29"]
[EventDate "2019.11.29"]
[EventType "swiss"]
[EventRounds "10"]
[EventCountry "ESP"]
[SourceTitle "Ajedrez en Madrid"]
[Source "lmi"]
[SourceDate "2019.11.30"]
[SourceVersion "1"]
[SourceVersionDate "2019.12.08"]
[SourceQuality "1"]

1. b3 Nf6 2. Bb2 g6 3. e3 Bg7 4. f4 d5 5. Nf3 c5 6. Be2 O-O 7. O-O b6 8. Ne5
Bb7 9. d4 Nbd7 10. Nd2 Rc8 11. c3 Ne4 12. Nxe4 dxe4 13. Bg4 e6 14. Be2 Nxe5 15.
dxe5 1/2-1/2

[Event "Torneo de Benidorm sub 2000 2019"]
[Site "Benidorm ESP"]
[Date "2019.12.04"]
[Round "7.18"]
[White "Bagci, Hikmet"]
[Black "Perez Garcia, Jose Miguel"]
[Result "0-1"]
[WhiteElo "1509"]
[BlackElo "1920"]
[PlyCount "98"]
[EventDate "2019.11.29"]
[EventType "swiss"]
[EventRounds "10"]
[EventCountry "ESP"]
[SourceTitle "Ajedrez en Madrid"]
[Source "lmi"]
[SourceDate "2019.11.30"]
[SourceVersion "1"]
[SourceVersionDate "2019.12.08"]
[SourceQuality "1"]

1. e4 c5 2. Nf3 Nc6 3. d4 cxd4 4. Nxd4 g6 5. c4 Nf6 6. Nc3 Nxd4 7. Qxd4 d6 8.
f3 Bg7 9. Be3 O-O 10. Qd2 Be6 11. Be2 a5 12. O-O a4 13. Rac1 Qa5 14. Rfd1 Rfc8
15. Nb5 Nd7 16. Nd4 Qxd2 17. Rxd2 Nc5 18. Nxe6 fxe6 19. Rcd1 a3 20. b3 Nxb3 21.
Rc2 Nc5 22. Bd4 Bxd4+ 23. Rxd4 e5 24. Rd1 Ne6 25. Kf2 Nd4 26. Rc3 b5 27. Rdc1
b4 28. Rd3 b3 29. Bd1 b2 30. Rdc3 bxc1=Q 31. Rxc1 Rcb8 32. Ra1 Rb2+ 33. Kg3
Rab8 34. Bb3 R8xb3 35. axb3 a2 36. b4 Nc2 37. Rxa2 Rxa2 38. b5 Ne3 39. b6 Rxg2+
40. Kh3 Rb2 41. Kg3 Rxb6 42. f4 exf4+ 43. Kxf4 Nxc4 44. h4 h6 45. Kg4 Ne5+ 46.
Kf4 Kg7 47. h5 Kf6 48. hxg6 Rb3 49. g7 Rf3# 0-1

[Event "Torneo de Benidorm sub 2000 2019"]
[Site "Benidorm ESP"]
[Date "2019.12.04"]
[Round "7.19"]
[White "Campos Gutierrez, Jorge"]
[Black "Basto Auzmendi, Mario"]
[Result "0-1"]
[WhiteElo "1865"]
[BlackElo "1983"]
[PlyCount "142"]
[EventDate "2019.11.29"]
[EventType "swiss"]
[EventRounds "10"]
[EventCountry "ESP"]
[SourceTitle "Ajedrez en Madrid"]
[Source "lmi"]
[SourceDate "2019.11.30"]
[SourceVersion "1"]
[SourceVersionDate "2019.12.08"]
[SourceQuality "1"]

1. d4 Nf6 2. Nf3 g6 3. g3 Bg7 4. Bg2 O-O 5. O-O d6 6. b3 c5 7. Bb2 Nc6 8. Nbd2
cxd4 9. Nxd4 Bd7 10. Ne4 Nxe4 11. Bxe4 Qb6 12. Nxc6 Bxc6 13. Bxg7 Kxg7 14. Qd3
Rfc8 15. c4 a5 16. Bxc6 Rxc6 17. Qe4 Rc7 18. Rab1 a4 19. bxa4 Qc6 20. Qc2 Rxa4
21. Rfc1 f6 22. Rb5 Qa6 23. Rcb1 Rxa2 24. Qe4 Ra1 25. Kg2 Rxb1 26. Rxb1 Qc6 27.
Qxc6 bxc6 28. Kf3 e5 29. Rb6 Kf7 30. e4 Ke7 31. Kg4 Kd7 32. Rb8 Ra7 33. Rg8 Ke6
34. Re8+ Kf7 35. Rd8 Ra4 36. Rxd6 Rxc4 37. Rd7+ Ke6 38. Rxh7 Rxe4+ 39. Kf3 f5
40. h4 c5 41. Rg7 c4 42. Rxg6+ Kd5 43. Rg8 c3 44. Rd8+ Kc4 45. h5 Rd4 46. Rc8+
Kd3 47. h6 e4+ 48. Kg2 Rd7 49. Kf1 c2 50. Ke1 e3 51. fxe3 Re7 52. Kf2 Rh7 53.
Rd8+ Kc3 54. Rc8+ Kb2 55. Rb8+ Kc1 56. Rb6 Rd7 57. Ke2 Rd2+ 58. Ke1 Rh2 59. Rc6
Kb2 60. Rb6+ Kc3 61. Rc6+ Kd3 62. h7 Rxh7 63. Rd6+ Kxe3 64. Re6+ Kf3 65. Kd2
Rh2+ 66. Kc1 Kxg3 67. Rg6+ Kf3 68. Rg8 f4 69. Rg7 Re2 70. Rf7 Kg3 71. Rg7+ Kf2
0-1

[Event "Torneo de Benidorm sub 2000 2019"]
[Site "Benidorm ESP"]
[Date "2019.12.04"]
[Round "7.20"]
[White "Bote Kobolo, Benjamin E."]
[Black "Wlogalski, Olivier"]
[Result "0-1"]
[WhiteElo "1983"]
[BlackElo "1858"]
[PlyCount "148"]
[EventDate "2019.11.29"]
[EventType "swiss"]
[EventRounds "10"]
[EventCountry "ESP"]
[SourceTitle "Ajedrez en Madrid"]
[Source "lmi"]
[SourceDate "2019.11.30"]
[SourceVersion "1"]
[SourceVersionDate "2019.12.08"]
[SourceQuality "1"]

1. e4 b6 2. Nc3 Bb7 3. Bc4 e6 4. Qe2 c5 5. Nf3 Nc6 6. a4 Nge7 7. d3 Ng6 8. O-O
Be7 9. Bb3 O-O 10. Re1 Nd4 11. Nxd4 cxd4 12. Nd1 Bg5 13. Bd2 Bxd2 14. Qxd2 e5
15. f3 Kh8 16. Nf2 f5 17. exf5 Rxf5 18. Ne4 Bxe4 19. Rxe4 Qf6 20. Rg4 Rf8 21.
a5 b5 22. a6 Nf4 23. Rg3 Qh6 24. Qe1 Qh4 25. Rg4 Qxe1+ 26. Rxe1 R8f6 27. h4
Rxa6 28. Kh2 d6 29. g3 Ng6 30. Kg2 Rb6 31. Rge4 a5 32. R4e2 Rb8 33. Bd5 Ne7 34.
Ba2 Rbf8 35. f4 Ng6 36. Be6 R5f6 37. f5 Rb8 38. h5 Nf8 39. Bd5 Rxf5 40. g4 Rf4
41. Re4 Rxe4 42. Rxe4 Nd7 43. Re2 Nf6 44. Bf3 h6 45. Kg3 b4 46. b3 Rc8 47. Kh4
Rc5 48. Rf2 Kh7 49. Bd1 Kg8 50. Rg2 Nd5 51. Bf3 Ne3 52. Rg1 Rxc2 53. g5 Rf2 54.
Kg3 Rf1 55. Bd5+ Kf8 56. Rxf1+ Nxf1+ 57. Kf2 Ne3 58. gxh6 gxh6 59. Be6 Ke7 60.
Bg8 d5 61. Ke2 Kd6 62. Kd2 Kc5 63. Be6 Ng2 64. Bg8 Nf4 65. Bf7 e4 66. Be8 Nxd3
67. Bg6 Nf4 68. Bf7 e3+ 69. Ke1 d3 70. Bg6 Kd4 71. Kd1 Kc3 72. Kc1 d2+ 73. Kb1
d1=Q+ 74. Ka2 Qxb3+ 0-1

[Event "Torneo de Benidorm sub 2000 2019"]
[Site "Benidorm ESP"]
[Date "2019.12.04"]
[Round "7.21"]
[White "Saiz Rodrigo, Fernando"]
[Black "Estevez Jacome, Jose Ramon"]
[Result "0-1"]
[WhiteElo "1843"]
[BlackElo "1981"]
[PlyCount "82"]
[EventDate "2019.11.29"]
[EventType "swiss"]
[EventRounds "10"]
[EventCountry "ESP"]
[SourceTitle "Ajedrez en Madrid"]
[Source "lmi"]
[SourceDate "2019.11.30"]
[SourceVersion "1"]
[SourceVersionDate "2019.12.08"]
[SourceQuality "1"]

1. e4 c5 2. Nc3 e6 3. f4 Nc6 4. Nf3 d5 5. Bb5 a6 6. Bxc6+ bxc6 7. d3 Nf6 8. e5
Nd7 9. O-O Be7 10. Qe2 O-O 11. b3 a5 12. Na4 Ba6 13. c4 Qc7 14. Ba3 Rfe8 15.
Rac1 Rac8 16. Qf2 Qa7 17. Kh1 f5 18. exf6 Bxf6 19. Bxc5 Nxc5 20. Nxc5 Rcd8 21.
Nxa6 Qxa6 22. d4 a4 23. c5 axb3 24. axb3 Rb8 25. Qe3 Qa2 26. Rb1 Qc2 27. Ne5
Rbc8 28. Ra1 Rb8 29. Ra3 Qb2 30. Rfa1 Bxe5 31. fxe5 Rf8 32. h3 h6 33. R1a2 Qb1+
34. Kh2 Rf1 35. Ra8 Rh1+ 36. Kg3 Qg6+ 37. Kh4 Rxa8 38. Rxa8+ Kh7 39. Qg3 Qe4+
40. Qg4 g5+ 41. Kg3 Qe1+ 0-1

[Event "Torneo de Benidorm sub 2000 2019"]
[Site "Benidorm ESP"]
[Date "2019.12.04"]
[Round "7.22"]
[White "Cuellar Gutierrez, Raul"]
[Black "Blondel, Jerome"]
[Result "1-0"]
[WhiteElo "1967"]
[BlackElo "1847"]
[PlyCount "60"]
[EventDate "2019.11.29"]
[EventType "swiss"]
[EventRounds "10"]
[EventCountry "ESP"]
[SourceTitle "Ajedrez en Madrid"]
[Source "lmi"]
[SourceDate "2019.11.30"]
[SourceVersion "1"]
[SourceVersionDate "2019.12.08"]
[SourceQuality "1"]

1. d4 d5 2. Nf3 Nf6 3. g3 g6 4. Bg2 Bg7 5. O-O O-O 6. b3 Ne4 7. Bb2 c5 8. Nbd2
Nc6 9. e3 Bg4 10. h3 Nxd2 11. Qxd2 Bxf3 12. Bxf3 cxd4 13. exd4 e6 14. Bg2 Qb6
15. c3 a5 16. Rab1 Rfc8 17. Rfd1 a4 18. c4 axb3 19. axb3 Ne7 20. c5 Qxb3 21.
Bc3 Qa2 22. Qg5 Nc6 23. Rxb7 Ra7 24. Rxa7 Qxa7 25. Bf1 Qa4 26. Qd2 Rb8 27. Ra1
Qb3 28. Ra6 Qb7 29. Qf4 Qc8 30. Rxc6 Ra8 1-0

[Event "Torneo de Benidorm sub 2000 2019"]
[Site "Benidorm ESP"]
[Date "2019.12.05"]
[Round "8.2"]
[White "Shreyas S, Nikam"]
[Black "Nahornyi, Ihor"]
[Result "1/2-1/2"]
[WhiteElo "1839"]
[BlackElo "1999"]
[PlyCount "74"]
[EventDate "2019.11.29"]
[EventType "swiss"]
[EventRounds "10"]
[EventCountry "ESP"]
[SourceTitle "Ajedrez en Madrid"]
[Source "lmi"]
[SourceDate "2019.11.30"]
[SourceVersion "1"]
[SourceVersionDate "2019.12.08"]
[SourceQuality "1"]

1. d4 Nf6 2. Nf3 e6 3. Bf4 c5 4. e3 d5 5. c3 Nc6 6. Nbd2 Bd6 7. Bxd6 Qxd6 8.
Bb5 O-O 9. O-O Bd7 10. a4 a6 11. Bxc6 Bxc6 12. Ne5 Be8 13. Qb3 b5 14. a5 Ne4
15. Qc2 Nxd2 16. Qxd2 c4 17. b4 cxb3 18. Nd3 b4 19. Rfb1 Bb5 20. Rxb3 bxc3 21.
Qxc3 Rac8 22. Nc5 e5 23. Qd2 exd4 24. exd4 Rfe8 25. Re3 Rxe3 26. fxe3 Re8 27.
Re1 Qg6 28. Qf2 Bc4 29. h3 h6 30. Rc1 Qg5 31. Rc3 Rb8 32. e4 Rb1+ 33. Kh2 Rf1
34. Qg3 Qd2 35. Nd7 Qd1 36. Qb8+ Kh7 37. Nf8+ Kh8 1/2-1/2

[Event "Torneo de Benidorm sub 2000 2019"]
[Site "Benidorm ESP"]
[Date "2019.12.05"]
[Round "8.3"]
[White "Rojas Fernandez, Andres"]
[Black "Yanev, Yordan"]
[Result "1-0"]
[WhiteElo "1888"]
[BlackElo "1878"]
[PlyCount "87"]
[EventDate "2019.11.29"]
[EventType "swiss"]
[EventRounds "10"]
[EventCountry "ESP"]
[SourceTitle "Ajedrez en Madrid"]
[Source "lmi"]
[SourceDate "2019.11.30"]
[SourceVersion "1"]
[SourceVersionDate "2019.12.08"]
[SourceQuality "1"]

1. e4 Nf6 2. e5 Nd5 3. c4 Nb6 4. d4 d6 5. exd6 cxd6 6. Nc3 g6 7. Nf3 Bg7 8. Be3
O-O 9. h3 Nc6 10. Be2 e5 11. O-O d5 12. cxd5 exd4 13. Nxd4 Ne7 14. d6 Ned5 15.
Qd3 Nxe3 16. Qxe3 Re8 17. Qd3 Qxd6 18. Rad1 a6 19. Bf3 Qf4 20. Nce2 Qg5 21. Ng3
Nd7 22. Ne4 Qh4 23. Rfe1 Ne5 24. Qb3 b5 25. Nd6 Qxd4 26. Bxa8 Qxd6 27. Rxd6
Nf3+ 28. gxf3 Rxe1+ 29. Kg2 Re8 30. Bd5 Kh8 31. Bxf7 Rf8 32. Qd5 Bxb2 33. Rd8
Kg7 34. Rxf8 Kxf8 35. Bg8 Ke7 36. Qc5+ Kd8 37. Bf7 Bd7 38. Qd6 Kc8 39. Qxa6+
Kc7 40. Be6 Bc6 41. Qc8+ Kd6 42. Bg8 h5 43. Qe6+ Kc5 44. Qxg6 1-0

[Event "Torneo de Benidorm sub 2000 2019"]
[Site "Benidorm ESP"]
[Date "2019.12.05"]
[Round "8.4"]
[White "Rohan, Bharat Joshi"]
[Black "Pousada Garcia, Daniel"]
[Result "1/2-1/2"]
[WhiteElo "1944"]
[BlackElo "1891"]
[PlyCount "106"]
[EventDate "2019.11.29"]
[EventType "swiss"]
[EventRounds "10"]
[EventCountry "ESP"]
[SourceTitle "Ajedrez en Madrid"]
[Source "lmi"]
[SourceDate "2019.11.30"]
[SourceVersion "1"]
[SourceVersionDate "2019.12.08"]
[SourceQuality "1"]

1. e4 c5 2. Nf3 e6 3. d4 cxd4 4. Nxd4 Nc6 5. Nc3 Nf6 6. a3 Qc7 7. Be3 a6 8. f4
d6 9. Qf3 Be7 10. O-O-O Bd7 11. Be2 Nxd4 12. Bxd4 Bc6 13. g4 e5 14. Be3 Rc8 15.
Bd3 exf4 16. Qxf4 d5 17. Qxc7 Rxc7 18. Bb6 Rc8 19. exd5 Nxd5 20. Nxd5 Bxd5 21.
Bf5 Bxh1 22. Bd7+ Kf8 23. Bxc8 Bc6 24. Bd7 h5 25. Bxc6 bxc6 26. Bc5 Bxc5 27.
Rd8+ Ke7 28. Rxh8 hxg4 29. Kd2 f5 30. Ke2 Bd6 31. h3 gxh3 32. Rxh3 Kf6 33. b4
Be5 34. a4 f4 35. Rh8 Kf5 36. Rc8 g5 37. Rxc6 g4 38. Rc4 Ke6 39. b5 Kd5 40.
bxa6 f3+ 41. Kf1 Kxc4 42. a7 g3 43. a8=Q g2+ 44. Kf2 Bd4+ 45. Kxf3 g1=Q 46.
Qc6+ Kb4 47. Qb5+ Kc3 48. Qb3+ Kd2 49. Qd3+ Kc1 50. Ke4 Qg4+ 51. Kd5 Qd7+ 52.
Ke4 Qg4+ 53. Kd5 Qd7+ 1/2-1/2